Export Ready — 

مورفولوجيا النبات

Saved in:

Main Author: خيرت، عثمان..

Format: Book

Language: Undetermined

Published: Cairo Al Nahda Press 1949

Tags: Add Tag

No Tags, Be the first to tag this record!

Call Number: Q60 KHAR

LEADER 00340nam a2200121Ia 4500
008 240404s9999||||xx |||||||||||||| ||und||
050 4 |a Q60 KHAR 
100 1 |a خيرت، عثمان.. 
245 1 0 |a مورفولوجيا النبات   |c خيرت، عثمان. 
264 1 |a Cairo  |b Al Nahda Press  |c 1949 
300 |a 209  |c 21 
942 |2 lcc  |c BK 
999 |c 57961  |d 57961